Statistics for The 12 Days of Christmas Quiz

Click here to take the quiz!

General Stats

  • This quiz has been taken 20 times
  • The average score is 10 of 12

Answer Stats

HintAnswer% Correct
1Partridge in a pear tree
100%
3French hens
94%
5Golden ring
94%
2Turtle doves
94%
4Calling birds
88%
8Maids a milking
88%
10Lords a leaping
81%
11Pipers pipping
81%
12Drummers drumming
75%
6Geese a laying
75%
9Ladies dancing
75%
7Swans a swimming
75%

Score Distribution

Percentile by Number Answered

Percent of People with Each Score

Your Score History

You have not taken this quiz